[Event "SC KO >1900"]
[Site "SchemingMind.com"]
[Date "2010.11.12"]
[Round "-"]
[White "Bandit2"]
[Black "MARISCAL"]
[Result "1/2-1/2"]
[WhiteCountry "POL"]
[BlackCountry "ESP"]
[WhiteElo "2278"]
[WhiteRD "97"]
[BlackElo "2217"]
[BlackRD "80"]
[GameID "265616"]

1. f4 e5 2. fxe5 d6 3. exd6 Bxd6 4. Nf3 g5 5. g3 g4 6. Nh4 Ne7 7. d4 Ng6 8. Nxg6 hxg6 9. Qd3 Nc6 10. c3 Qe7
11. Bg2 Bd7 12. Bf4 Bxf4 13. gxf4 O-O-O 14. Nd2 Qh4+ 15. Qg3 Ne7 16. e4 f5 17. O-O-O g5 18. Qxh4 gxh4 19. Rhg1 Rh6 20. Rde1 Rg8
21. Re2 Ng6 22. Rf1 g3 23. e5 gxh2 24. Bh1 Nxf4 25. Rxh2 Rg4 26. Bf3 Ng6 27. Bxg4 fxg4 28. Ne4 Bc6 29. Ng3 Rh8 30. Nf5 Be4
31. Kd2 h3 32. Ng3 Bg2 33. Rf2=
1/2-1/2

[Event "SC KO >1900"]
[Site "SchemingMind.com"]
[Date "2010.11.12"]
[Round "-"]
[White "MARISCAL"]
[Black "Bandit2"]
[Result "1/2-1/2"]
[WhiteCountry "ESP"]
[BlackCountry "POL"]
[WhiteElo "2297"]
[WhiteRD "85"]
[BlackElo "2277"]
[BlackRD "95"]
[GameID "265621"]

1. e4 g6 2. d4 Bg7 3. Nc3 d6 4. f4 a6 5. Nf3 b5 6. Bd3 Nd7 7. e5 c5 8. Be4 Rb8 9. Ng5 cxd4 10. Bd5 e6
11. Nce4 Bf8 12. Nxf7 Kxf7 13. Ng5+ Ke8 14. Bxe6 Nh6 15. O-O dxe5 16. fxe5 Qb6 17. Bf7+ Nxf7 18. Nxf7 Rg8 19. Qf3 d3+ 20. Kh1 Qe6
21. Qxd3 Qc4 22. Qd1 Bb7 23. c3 Qe4=
1/2-1/2

[Event "SC KO >1900"]
[Site "SchemingMind.com"]
[Date "2010.11.08"]
[Round "-"]
[White "Waltero"]
[Black "krtsip"]
[Result "1-0"]
[WhiteCountry "CAN"]
[BlackCountry "POL"]
[WhiteElo "2062"]
[WhiteRD "87"]
[BlackElo "1866"]
[BlackRD "141"]
[GameID "266354"]

1. d4 d5 2. c4 e6 3. Nc3 Be7 4. Nf3 Nf6 5. Bf4 O-O 6. e3 Nbd7 7. c5 c6 8. Bd3 b6 9. b4 a5 10. a3 Ba6
11. Bxa6 Rxa6 12. b5 cxb5 13. c6 Qc8 14. c7 b4 15. Nb5
1-0

[Event "SC KO >1900"]
[Site "SchemingMind.com"]
[Date "2010.11.08"]
[Round "-"]
[White "krtsip"]
[Black "Waltero"]
[Result "0-1"]
[WhiteCountry "POL"]
[BlackCountry "CAN"]
[WhiteElo "1866"]
[WhiteRD "141"]
[BlackElo "2062"]
[BlackRD "87"]
[GameID "266361"]

1. d4 d5 2. c4 e6 3. cxd5 exd5 4. Nc3 Nf6 5. Bg5 Be7 6. e3 O-O 7. Bd3 Nbd7 8. Nge2 Re8 9. Qc2 c6 10. O-O h6
11. Bh4 Nh5 12. Bxe7 Qxe7 13. a3 Nb6
0-1

[Event "SC KO >1900"]
[Site "SchemingMind.com"]
[Date "2010.11.13"]
[Round "-"]
[White "harsh"]
[Black "Trozkij"]
[Result "0-1"]
[WhiteCountry "IND"]
[BlackCountry "GER"]
[WhiteElo "1939"]
[WhiteRD "89"]
[BlackElo "2294"]
[BlackRD "105"]
[GameID "266742"]

1. d4 d5 2. c4 c6 3. Nf3 Nf6 4. Bg5 dxc4 5. a4 Ne4 6. Na3 Nxg5 7. Nxg5 e5 8. Nf3 Bb4+ 9. Nd2 exd4 10. Nxc4 Qd5
11. Qc2 Bf5 12. Qb3 Na6 13. e3 O-O 14. O-O-O dxe3 15. Qxe3 Bc5 16. Qf3 Nb4 17. Qb3 Bc2 18. Qf3 Rfe8 19. Ne3 Bxe3 20. fxe3 Qa2
0-1

[Event "SC KO >1900"]
[Site "SchemingMind.com"]
[Date "2010.11.13"]
[Round "-"]
[White "Trozkij"]
[Black "harsh"]
[Result "1-0"]
[WhiteCountry "GER"]
[BlackCountry "IND"]
[WhiteElo "2294"]
[WhiteRD "105"]
[BlackElo "1939"]
[BlackRD "89"]
[GameID "266744"]

1. e4 Nc6 2. Nf3 d6 3. d4 e5 4. Bc4 Bg4 5. h3 Bh5 6. d5 Nd4 7. g4 Nxf3+ 8. Qxf3 Bg6 9. Bb5+ Ke7 10. Nc3 a6
11. Be2 h5 12. g5 Kd7 13. Be3 Be7 14. Qg3 c6 15. dxc6+ bxc6 16. O-O-O Qa5 17. h4 Bd8 18. f4 Bxe4 19. Nxe4 d5 20. Qh3+ Kc7
21. Nc5
1-0

[Event "SC KO >1900"]
[Site "SchemingMind.com"]
[Date "2010.11.16"]
[Round "-"]
[White "Manuel Angel"]
[Black "Patjanka"]
[Result "0-1"]
[WhiteCountry "ESP"]
[BlackCountry "DEN"]
[WhiteElo "2096"]
[WhiteRD "83"]
[BlackElo "2449"]
[BlackRD "91"]
[GameID "266929"]

1. e4 Nf6 2. e5 Nd5 3. d4 d6 4. c4 Nb6 5. exd6 cxd6 6. Nf3 Bg4 7. Be2 e6 8. O-O Be7 9. h3 Bf5 10. Nc3 O-O
11. a4 a5 12. d5 e5 13. Bd3 Bxd3 14. Qxd3 f5 15. Qe2 Na6 16. b3 Nd7 17. Rb1 Ndc5 18. Nb5 Nc7 19. Be3 Nxb5 20. axb5 Qc8
21. Qc2 e4 22. Ng5 Bxg5 23. Bxg5 Nd3 24. Be7 Rf7 25. Bxd6 Rd7 26. Ba3 Rxd5 27. f3 Rd8 28. Rbd1 Qe6
0-1

[Event "SC KO >1900"]
[Site "SchemingMind.com"]
[Date "2010.11.14"]
[Round "-"]
[White "tipau1"]
[Black "Zeidan"]
[Result "1-0"]
[WhiteCountry "ENG"]
[BlackCountry "LBN"]
[WhiteElo "2226"]
[WhiteRD "106"]
[BlackElo "2150"]
[BlackRD "70"]
[GameID "266930"]

1. c4 e5 2. g3 Nc6 3. Nc3 f5 4. Nf3 Nf6 5. d4 e4 6. Nh4 g6 7. Bg5 Bg7 8. Qd2 O-O 9. Bg2 Ne7 10. f3 exf3
11. Bxf3 c6 12. Ng2 d6 13. O-O Be6 14. d5 cxd5 15. cxd5 Bf7 16. Kh1 Rc8 17. Nf4 Qd7 18. Ne6 Bxe6 19. dxe6 Qxe6 20. Bxb7 Rb8
21. Bf3 Ne4 22. Bxe4 Bxc3 23. Qxc3 Qxe4+ 24. Qf3 Nc6 25. Rac1 Ne5 26. Qxe4 fxe4 27. Rxf8+ Kxf8 28. b3 Rb7 29. Bf4 Nf7 30. Kg1 Ke7
31. Rc4 d5 32. Ra4 Nd6 33. Kf2 Nc8 34. Ke3 Ke6 35. Kd4 Rb5 36. Ra6+ Rb6 37. Rxb6+ axb6 38. a4 h5 39. b4 Ne7 40. Bc7 Nc6+
41. Kc3 b5 42. axb5 Na7 43. b6 Nb5+ 44. Kb3 Kd7 45. Ka4 Nxc7 46. bxc7 Kxc7 47. Kb3
1-0

[Event "SC KO >1900"]
[Site "SchemingMind.com"]
[Date "2010.11.15"]
[Round "-"]
[White "Patjanka"]
[Black "Manuel Angel"]
[Result "1-0"]
[WhiteCountry "DEN"]
[BlackCountry "ESP"]
[WhiteElo "2449"]
[WhiteRD "91"]
[BlackElo "2096"]
[BlackRD "83"]
[GameID "266935"]

1. d4 d5 2. c4 c6 3. Nf3 Nf6 4. Nc3 dxc4 5. a4 Bf5 6. Ne5 Nbd7 7. Nxc4 Qc7 8. g3 e5 9. dxe5 Nxe5 10. Bf4 Rd8
11. Qc1 Bd6 12. Nxd6+ Qxd6 13. Bg2 O-O 14. O-O a5 15. h3 Qe6 16. g4 Bg6 17. Bg3 Rfe8 18. f4 Nexg4 19. hxg4 Qxg4 20. Rf3 Ne4
21. Be1 Nxc3 22. Bxc3 Be4 23. Rf2 Rd6 24. f5 Rd5 25. Qf4 Qxf4 26. Rxf4 Bxg2 27. Kxg2 Rxe2+ 28. Kf3
1-0

[Event "SC KO >1900"]
[Site "SchemingMind.com"]
[Date "2010.11.14"]
[Round "-"]
[White "Zeidan"]
[Black "tipau1"]
[Result "0-1"]
[WhiteCountry "LBN"]
[BlackCountry "ENG"]
[WhiteElo "2150"]
[WhiteRD "70"]
[BlackElo "2226"]
[BlackRD "106"]
[GameID "266936"]

1. Nf3 f5 2. g3 Nf6 3. Bg2 g6 4. O-O Bg7 5. d4 O-O 6. c4 d6 7. Nc3 Qe8 8. d5 a5 9. Nd4 Na6 10. b3 Bd7
11. Bb2 g5 12. e3 f4 13. exf4 gxf4 14. Qe2 Qh5 15. Qxh5 Nxh5 16. Rad1 fxg3 17. hxg3 Bg4 18. f3 Nxg3 19. fxg4 Nxf1 20. Bxf1 Rf4
21. Nf5 Rxg4+ 22. Kh1 Rf4 23. Nxg7 Rh4+ 24. Kg1 Kxg7 25. Rd2 Rg8 26. Rf2 Nc5 27. Nb5+ Kh6+ 28. Rg2 Rxg2+ 29. Kxg2 Kg5 30. Nxc7 Rg4+
31. Kf2 Rf4+ 32. Ke2 Re4+ 33. Kd2 h5 34. Bc3 h4 35. Bxa5 Rf4 36. Ke1 Rf3 37. Ne6+ Nxe6 38. dxe6 h3 39. Bd8 Kf6 40. Bb6 h2
41. Bg2 Rf5 42. Be3 Kxe6 43. a4 Kd7 44. Ke2 e6 45. b4 Rh5 46. Bh1 Rh4 47. Kd3 Rg4 48. a5 Kc8 49. b5 Rg1 50. Bf3 h1=Q
51. Bxh1 Rxh1
0-1

[Event "SC KO >1900"]
[Site "SchemingMind.com"]
[Date "2010.11.18"]
[Round "-"]
[White "clario"]
[Black "sibelius"]
[Result "1/2-1/2"]
[WhiteCountry "RSA"]
[BlackCountry "USA"]
[WhiteElo "2185"]
[WhiteRD "90"]
[BlackElo "2305"]
[BlackRD "79"]
[GameID "267092"]

1. d4 Nf6 2. c4 e6 3. Nc3 Bb4 4. e3 b6 5. Ne2 Ba6 6. a3 Bxc3+ 7. Nxc3 d5 8. b3 O-O 9. Be2 Nc6 10. a4 Nb4
11. Ba3 c5 12. O-O Qd6 13. Nb5 Qe7 14. Rc1 Rfd8 15. Qe1 h6 16. dxc5 bxc5 17. cxd5 Nfxd5 18. Bb2 e5 19. Rd1 Bb7 20. Na3 Qg5
21. g3 e4 22. Nc4 Qe7 23. Rd2 Nd3 24. Qb1 N5b4 25. Bc3 Bd5 26. Rfd1 Bxc4 27. bxc4 a5 28. Bg4 Rd6 29. Bf5 Rad8 30. h4 h5
31. Qb3 g6 32. Bh3 Rb6 33. Qa3 Rbd6 34. Qa1 f6 35. Qa3 Qf7 36. Qb3=
1/2-1/2

[Event "SC KO >1900"]
[Site "SchemingMind.com"]
[Date "2010.11.16"]
[Round "-"]
[White "juanbosco8"]
[Black "PawnPusherPete"]
[Result "1/2-1/2"]
[WhiteCountry "COL"]
[BlackCountry "ENG"]
[WhiteElo "2123"]
[WhiteRD "105"]
[BlackElo "2251"]
[BlackRD "73"]
[GameID "267095"]

1. e4 c5 2. Nf3 d6 3. Bb5+ Nd7 4. d4 Nf6 5. O-O a6 6. Bxd7+ Nxd7 7. Nc3 e6 8. dxc5 Nxc5 9. Bf4 Qc7 10. Re1 b5
11. a3 Bb7 12. Qd2 Be7 13. Rad1 Rd8 14. Bg5 f6 15. Bf4 O-O 16. b4 Na4 17. Nxa4 bxa4 18. Nd4 Qc4 19. f3 Kf7 20. Bg3 Rc8
21. Qe3 Rfd8 22. Bf2 e5 23. Nf5 Qxc2 24. Nxe7 Kxe7 25. Rd2 Qc7 26. Red1 Bc6 27. Qc3 Rd7 28. f4 Bxe4 29. Bc5 Ke8 30. fxe5 fxe5
31. Rxd6 Rxd6 32. Qxe5+ Qe7 33. Qxe7+ Kxe7 34. Rxd6 Kf7 35. Rxa6 Ra8 36. Rd6 Rb8 37. g4 Rb7 38. Ra6 Bc2 39. Kf2 Rd7 40. b5 Rb7
41. b6 Ke6 42. Kg3 Kd5 43. Bg1 Kc6 44. Ra8 Kb5 45. Kf4 Bd1 46. Rf8 Bb3 47. Ke5 Rd7 48. Bd4 Bd5 49. h4 Bb7 50. Rf4 Bd5
51. Bg1 Bc6 52. Ke6 Ka6 53. g5 Rd3 54. Kf7 g6 55. Kg7 Rd7+ 56. Rf7 Rxf7+ 57. Kxf7 Kb7 58. Kg7 Bf3 59. Kxh7 Bh5 60. Kg7 Kc6
61. Kf7 Kd7 62. Kf6 Kd6 63. Bf2 Kd7 64. Ke5 Kc6 65. Ke4 Bd1 66. Kd3 Kb7 67. Kc4 Kc6=
1/2-1/2

[Event "SC KO >1900"]
[Site "SchemingMind.com"]
[Date "2010.11.17"]
[Round "-"]
[White "philman97401"]
[Black "NYNH"]
[Result "1/2-1/2"]
[WhiteCountry "USA"]
[BlackCountry "USA"]
[WhiteElo "1867"]
[WhiteRD "153"]
[BlackElo "2025"]
[BlackRD "77"]
[GameID "267098"]

1. e4 e6 2. b3 d5 3. Bb2 dxe4 4. Nc3 f5 5. f3 Bd6 6. g3 exf3 7. Nxf3 Nf6 8. Qe2 Nc6 9. O-O-O a6 10. d4 Qe7
11. d5 exd5 12. Nxd5 Nxd5 13. Rxd5 Qxe2 14. Bxe2 O-O 15. Bc4 Kh8 16. Rdd1 Bd7 17. Ng5 Nd8 18. Rhe1 Bc6 19. Rxd6 cxd6 20. Re7 Rg8
21. Bxg8 Kxg8 22. Rxg7+ Kf8 23. Nxh7+ Ke8 24. Bf6 Ne6 25. Re7+ Kd8 26. Rxe6+ Kc7 27. h4 Bf3 28. Bd4 Rg8 29. Ng5 Bg4 30. a4 Kd7
31. Kd2 Rxg5= 32. Rxd6+ Kxd6 33. hxg5 Kd5 34. c3 Ke4 35. g6 Bh5 36. g7 Bf7 37. b4 Bc4 38. a5 f4 39. gxf4 Kxf4 40. g8=N Bxg8=
41. Kd3 Bb3 42. Bg7 Kf5 43. Kd4 Ke6 44. Be5 Kd7 45. Kc5 Kc8 46. b5 axb5 47. Kxb5 Bd1 48. c4 Be2 49. Kc5 Bf3 50. Kb6 Be2
51. c5 Bf3 52. Bd6 Be4 53. Ka7=
1/2-1/2

[Event "SC KO >1900"]
[Site "SchemingMind.com"]
[Date "2010.11.17"]
[Round "-"]
[White "sibelius"]
[Black "clario"]
[Result "1/2-1/2"]
[WhiteCountry "USA"]
[BlackCountry "RSA"]
[WhiteElo "2311"]
[WhiteRD "82"]
[BlackElo "2213"]
[BlackRD "83"]
[GameID "267099"]

1. e4 c5 2. Nc3 Nc6 3. f4 g6 4. Nf3 Bg7 5. Bb5 Nd4 6. O-O Nxb5 7. Nxb5 d6 8. d3 Nh6 9. Qe1 Bd7 10. a4 O-O
11. Qh4 a6 12. Nc3 e6 13. Qg3 Bc6 14. Be3 f5 15. Ng5 Qd7 16. Qh3 Bxc3 17. bxc3 Ng4 18. Bd2 Rae8 19. Rfe1 h6 20. Nf3 Bxa4
21. Qg3 Bxc2 22. h3 fxe4 23. dxe4 Nf6 24. Qxg6+ Qg7 25. Qxg7+ Kxg7 26. e5 Ne4 27. exd6 Nxd6 28. Be3 Rc8 29. Ra5 Ne4 30. Ra2 Bd3
31. Rb2 b5 32. Ra2 Nxc3 33. Rxa6 Nd5 34. Ne5 c4 35. Rxe6 Bf5 36. Ra6 Nxe3 37. Rxe3 Rc7 38. Rc3 Bc8 39. Rb6 Rxf4 40. Rg3+ Kh7
41. Rgg6 Rh4 42. Rbc6 Re7 43. Nf3 Rh5 44. g4 Rxh3 45. Kg2 Rxf3 46. Rxh6+ Kg7 47. Rcg6+ Kf7 48. Kxf3 c3 49. Rf6+ Kg7 50. Kf4 Bb7
51. Rhg6+ Kh7 52. Rh6+=
1/2-1/2

[Event "SC KO >1900"]
[Site "SchemingMind.com"]
[Date "2010.11.16"]
[Round "-"]
[White "PawnPusherPete"]
[Black "juanbosco8"]
[Result "0-1"]
[WhiteCountry "ENG"]
[BlackCountry "COL"]
[WhiteElo "2216"]
[WhiteRD "70"]
[BlackElo "2120"]
[BlackRD "120"]
[GameID "267102"]

1. e4 e5 2. Nf3 Nc6 3. Bb5 Nf6 4. O-O Bc5 5. Nxe5 Nxe4 6. Qg4 Nxe5 7. Qxe4 Qe7 8. Nc3 Ng6 9. Qxe7+ Kxe7 10. Re1+ Kd8
11. Ne4 Re8 12. Kf1 Bb6 13. b3 Re5 14. Bd3 d5 15. Ng3 Rxe1+ 16. Kxe1 Nf4 17. Bf1 c6 18. Bb2 f6 19. Ne2 Ne6 20. g3 Kc7
21. Bg2 Bd7 22. b4 Ng5 23. Bd4 Bxd4 24. Nxd4 a5 25. c3 axb4 26. cxb4 Nf7 27. f4 Ra3 28. Nc2 Ra4 29. a3 Nd6 30. Kf2 g6
31. Re1 Bf5 32. Nd4 Kb6 33. Nxf5 Nxf5 34. Re6 Rxa3 35. Rxf6 Ra2 36. Ke2 Kb5 37. Rf7 b6 38. Rxh7 Kxb4 39. g4 Nd4+ 40. Ke3 Kc5
41. f5 gxf5 42. g5 Ne6 43. h4 f4+ 44. Ke2 Nd4+ 45. Ke1 Ra3
0-1

[Event "SC KO >1900"]
[Site "SchemingMind.com"]
[Date "2010.11.16"]
[Round "-"]
[White "NYNH"]
[Black "philman97401"]
[Result "1-0"]
[WhiteCountry "USA"]
[BlackCountry "USA"]
[WhiteElo "2025"]
[WhiteRD "77"]
[BlackElo "1867"]
[BlackRD "153"]
[GameID "267105"]

1. d4 c5 2. d5 g6 3. c4 Bg7 4. e4 d6 5. Nc3 Bxc3+ 6. bxc3 Qa5 7. Bd2 f5 8. Bd3 fxe4 9. Bxe4 Nf6 10. Bd3 Bg4
11. Qc2 Na6 12. f4 O-O-O 13. h3 Bd7 14. Nf3 Nc7 15. Ng5 Rde8 16. O-O b5 17. cxb5 c4 18. Bxc4 Bf5 19. Qb3 Qb6+ 20. Kh1 Qc5
21. Rae1 Nfxd5 22. Be2 h6 23. Nf7 Rh7 24. c4 Rxf7 25. cxd5 Qc2 26. Qxc2 Bxc2 27. Ba5 e6 28. dxe6 Rxe6 29. Bg4 Bf5 30. Bxf5 Rxf5
31. Bxc7 Rxe1 32. Rxe1 Kxc7 33. Re6 Rxf4 34. Rxg6
1-0

[Event "SC KO >1900"]
[Site "SchemingMind.com"]
[Date "2011.03.07"]
[Round "-"]
[White "clario"]
[Black "tipau1"]
[Result "1-0"]
[WhiteCountry "RSA"]
[BlackCountry "ENG"]
[WhiteElo "2203"]
[WhiteRD "82"]
[BlackElo "2147"]
[BlackRD "101"]
[GameID "277439"]

1. d4 f5 2. g3 Nf6 3. Bg2 g6 4. Nf3 Bg7 5. O-O O-O 6. c4 d6 7. Nc3 Qe8 8. d5 a5 9. Nd4 Na6 10. e4 fxe4
11. Nxe4 Nxe4 12. Bxe4 Bh3 13. Bg2 Bxg2 14. Kxg2 Nc5 15. Re1 Qf7 16. f4 Rac8 17. Nb3 c6 18. Nxa5 cxd5 19. cxd5 g5 20. Nb3 Na4
21. Kg1 Nxb2 22. Bxb2 Bxb2 23. Rb1 Bg7 24. Rf1 Qg6 25. fxg5 Rxf1+ 26. Qxf1 Qxg5 27. Re1 Rc2 28. Re2
1-0

[Event "SC KO >1900"]
[Site "SchemingMind.com"]
[Date "2011.03.05"]
[Round "-"]
[White "tipau1"]
[Black "clario"]
[Result "0-1"]
[WhiteCountry "ENG"]
[BlackCountry "RSA"]
[WhiteElo "2147"]
[WhiteRD "101"]
[BlackElo "2203"]
[BlackRD "82"]
[GameID "277449"]

1. d4 d5 2. c4 e6 3. Nc3 c6 4. Nf3 Nf6 5. Bg5 h6 6. Bh4 Be7 7. e3 O-O 8. Bd3 Nbd7 9. O-O dxc4 10. Bxc4 b5
11. Bd3 a6 12. a4 b4 13. Bxf6 Nxf6 14. Ne4 Nd7 15. Rc1 Bb7 16. Qe2 Qc7 17. Rc2 Qa5 18. b3 Rac8 19. Rfc1 c5 20. dxc5 Nxc5
21. Nxc5 Rxc5 22. Rxc5 Bxc5 23. Bb1 g6 24. Ne5 Bd6 25. Nc4 Qc7 26. h4 h5
0-1

[Event "SC KO >1900"]
[Site "SchemingMind.com"]
[Date "2011.03.07"]
[Round "-"]
[White "Trozkij"]
[Black "juanbosco8"]
[Result "1-0"]
[WhiteCountry "GER"]
[BlackCountry "COL"]
[WhiteElo "2386"]
[WhiteRD "89"]
[BlackElo "2097"]
[BlackRD "108"]
[GameID "277741"]

1. e4 e5 2. Nf3 Nc6 3. Bc4 Nf6 4. d3 d5 5. exd5 Nxd5 6. O-O Be7 7. Re1 O-O 8. Nxe5 Nxe5 9. Rxe5 c6 10. Re1 Be6
11. Bb3 Re8 12. Nc3 Qd7 13. Nxd5 Bxd5 14. c3 Qf5 15. Bxd5 cxd5 16. Be3 Bd6 17. Qa4 Red8 18. Rad1 h5 19. Bd4 a6 20. Re3 b5
21. Qc2 Bf4 22. Rf3 Qg4 23. h3 Qg5 24. g3 Bd6 25. h4 Qg6 26. Re1 Rab8 27. a3 a5 28. b4 axb4 29. axb4 Qg4 30. Kg2 f6
31. Bc5 Bc7 32. d4 Re8 33. Rxe8+ Rxe8 34. Qd3 Ra8 35. Re3 Bf4 36. Re2 Rb8 37. Re7 Kh8 38. Ba7
1-0

[Event "SC KO >1900"]
[Site "SchemingMind.com"]
[Date "2011.03.07"]
[Round "-"]
[White "juanbosco8"]
[Black "Trozkij"]
[Result "0-1"]
[WhiteCountry "COL"]
[BlackCountry "GER"]
[WhiteElo "2097"]
[WhiteRD "108"]
[BlackElo "2386"]
[BlackRD "89"]
[GameID "277743"]

1. e4 e5 2. Nf3 Nc6 3. Bb5 a6 4. Bxc6 dxc6 5. h3 Bd6 6. d4 exd4 7. Qxd4 f6 8. O-O Be6 9. Be3 Ne7 10. Qc3 Qd7
11. Nbd2 O-O-O 12. Nc4 Bxc4 13. Qxc4 Rhe8 14. Nd2 Kb8 15. Rad1 Ng6 16. f4 Qe7 17. Rde1 c5 18. a4 Nf8 19. Rf2 h6 20. a5 Ne6
21. Nb3 Qd7 22. f5 Ng5 23. Bf4 Qf7 24. Qxf7 Nxf7 25. Bxd6 cxd6 26. Rfe2 Ne5 27. Re3 Nc6 28. Rd1 Kc7 29. Kf2 Re7 30. Ra1 Nb4
31. Ra4 Kc6 32. c4 Kd7 33. Nd2 Rde8 34. h4 h5 35. Kg3 Kc7 36. Rc3 Nc6 37. Ra1 Rg8 38. Kh3 Nd4 39. Rd3 Nc6
0-1

[Event "SC KO >1900"]
[Site "SchemingMind.com"]
[Date "2011.03.12"]
[Round "-"]
[White "Bandit2"]
[Black "NYNH"]
[Result "1-0"]
[WhiteCountry "POL"]
[BlackCountry "USA"]
[WhiteElo "2267"]
[WhiteRD "104"]
[BlackElo "2034"]
[BlackRD "75"]
[GameID "278245"]

1. f4 d6 2. Nf3 Nf6 3. g3 Nc6 4. Bg2 Bg4 5. O-O e5 6. d3 Be7 7. c4 Qd7 8. Nc3 h5 9. Qa4 Bxf3 10. Bxf3 h4
11. fxe5 dxe5 12. Qb5 O-O-O 13. Bxc6 bxc6 14. Qa6+ Kb8 15. Be3 c5 16. b4 hxg3 17. bxc5 gxh2+ 18. Kh1 c6 19. Na4 Qc8 20. Rab1+
1-0

[Event "SC KO >1900"]
[Site "SchemingMind.com"]
[Date "2011.03.13"]
[Round "-"]
[White "NYNH"]
[Black "Bandit2"]
[Result "0-1"]
[WhiteCountry "USA"]
[BlackCountry "POL"]
[WhiteElo "2056"]
[WhiteRD "77"]
[BlackElo "2290"]
[BlackRD "100"]
[GameID "278249"]

1. d4 g6 2. c4 Bg7 3. Nc3 c5 4. d5 Bxc3+ 5. bxc3 f5 6. e4 fxe4 7. f3 e5 8. dxe6 Nc6 9. Qc2 Qh4+ 10. g3 Qe7
11. fxe4 d6 12. Bf4 g5 13. Be3 Bxe6 14. O-O-O O-O-O 15. Nf3 h6 16. e5 Bg4 17. Bg2 Nxe5 18. Nxe5 Bxd1 19. Qf5+ Kc7 20. Qe4 Rb8
21. Rxd1 Nf6 22. Qf3 dxe5 23. Bxc5 Qxc5 24. Qxf6 Rbe8 25. Rd5 Qf8 26. Qg6 e4 27. Bh3 Kb8 28. Rd7 Qa3+ 29. Kb1 Qxc3 30. Qf7 Qb4+
31. Ka1 Qc3+ 32. Kb1 Qb4+ 33. Ka1 e3 34. Bg2 Qe1+ 35. Kb2 Qe2+ 36. Kb3 Qxg2
0-1

[Event "SC KO >1900"]
[Site "SchemingMind.com"]
[Date "2011.03.30"]
[Round "-"]
[White "Patjanka"]
[Black "Waltero"]
[Result "1-0"]
[WhiteCountry "DEN"]
[BlackCountry "CAN"]
[WhiteElo "2406"]
[WhiteRD "78"]
[BlackElo "2194"]
[BlackRD "93"]
[GameID "279476"]

1. c4 Nf6 2. Nc3 g6 3. e4 d6 4. d4 Bg7 5. f3 O-O 6. Nge2 Nc6 7. Be3 a6 8. Rb1 Bd7 9. b4 e6 10. g3 Ne7
11. Bg2 b5 12. c5 dxc5 13. bxc5 Nc6 14. O-O Na5 15. Qc1 Nc4 16. Bg5 Qe8 17. Re1 Rb8 18. Nd1 e5 19. d5 Qe7 20. c6 Bc8
21. Nec3 Na3 22. Rb3 b4 23. Nf2 Re8 24. Na4 a5 25. Nc5 Nb5 26. Nfd3 Qd6 27. Be3 Qe7 28. Rb2 h5 29. Bg5 Ra8 30. f4 Qf8
31. fxe5 Ng4 32. Nd7 Bxd7 33. cxd7 Rxe5 34. Bf4 Re7 35. e5 Rb8 36. h3 Nh6 37. Nc5 Nf5 38. Kh2 Rd8 39. g4 hxg4 40. hxg4 Nfd4
41. Rf2 Rdxd7 42. Nxd7 Rxd7 43. Bg5 Qe8 44. Qe3 c6 45. dxc6
1-0

[Event "SC KO >1900"]
[Site "SchemingMind.com"]
[Date "2011.04.03"]
[Round "-"]
[White "Waltero"]
[Black "Patjanka"]
[Result "1/2-1/2"]
[WhiteCountry "CAN"]
[BlackCountry "DEN"]
[WhiteElo "2194"]
[WhiteRD "93"]
[BlackElo "2406"]
[BlackRD "78"]
[GameID "279483"]

1. d4 d5 2. c4 e6 3. Nc3 c6 4. e3 Nf6 5. Nf3 a6 6. c5 Nbd7 7. b4 Qc7 8. Bd3 e5 9. Nxe5 Nxe5 10. dxe5 Qxe5
11. Bb2 Qg5 12. O-O a5 13. a3 Be7 14. Qc2 O-O 15. Na4 Ra7 16. Nb6 Bg4 17. f4 Qh5 18. h3 Be6 19. f5 Bc8 20. Rae1 axb4
21. axb4 Nd7 22. Nxc8 Rxc8 23. e4 Bh4 24. Re2 dxe4 25. Bxe4 Raa8 26. Bf3 Qg5 27. b5 Bg3 28. Rd1 Nf6 29. Re7 Rd8 30. Qb3 Rxd1+
31. Bxd1 Nd5 32. Re4 Bf4 33. Qf3 Be3+ 34. Kh1 Bxc5 35. bxc6 bxc6 36. Bxg7 Ra3 37. f6 Re3 38. Rxe3 Qxe3 39. Qxe3 Bxe3 40. Bf3 Nb4=
1/2-1/2

[Event "SC KO >1900"]
[Site "SchemingMind.com"]
[Date "2011.06.21"]
[Round "-"]
[White "clario"]
[Black "Bandit2"]
[Result "0-1"]
[WhiteCountry "RSA"]
[BlackCountry "POL"]
[WhiteElo "2174"]
[WhiteRD "90"]
[BlackElo "2368"]
[BlackRD "89"]
[GameID "286885"]

1. d4 g6 2. c4 Bg7 3. Nc3 d6 4. e4 e5 5. d5 f5 6. exf5 gxf5 7. Qh5+ Kf8 8. Bg5 Nf6 9. Qe2 Na6 10. O-O-O Bd7
11. Nf3 Qe8 12. g3 Nc5 13. Be3 Nce4 14. Qc2 Nxc3 15. Qxc3 Ng4 16. Rd2 c5 17. Qb3 Rb8 18. Qa3 a6 19. Bg5 h6 20. Bh4 e4
21. Ne1 Kg8 22. Nc2 Kh7 23. Ne3 Ne5 24. Be2 b5 25. Rhd1 bxc4
0-1

[Event "SC KO >1900"]
[Site "SchemingMind.com"]
[Date "2011.06.21"]
[Round "-"]
[White "Bandit2"]
[Black "clario"]
[Result "1-0"]
[WhiteCountry "POL"]
[BlackCountry "RSA"]
[WhiteElo "2368"]
[WhiteRD "89"]
[BlackElo "2174"]
[BlackRD "90"]
[GameID "286890"]

1. f4 d5 2. Nf3 Nf6 3. g3 g6 4. Bg2 Bg7 5. O-O O-O 6. d3 c5 7. Nc3 d4 8. Na4 Na6 9. c4 Rb8 10. a3 Be6
11. b4 cxb4 12. axb4 b5 13. Nc5 Nxc5 14. bxc5 bxc4 15. Ne5 Nd5 16. Nc6 Qc7 17. Nxb8 Rxb8 18. Qa4 Ne3 19. Bxe3= dxe3 20. Ra3 Qxc5
21. dxc4 Bd4 22. Rd3 Kg7 23. Qd1
1-0

[Event "SC KO >1900"]
[Site "SchemingMind.com"]
[Date "2011.11.16"]
[Round "-"]
[White "Patjanka"]
[Black "Bandit2"]
[Result "1/2-1/2"]
[WhiteCountry "DEN"]
[BlackCountry "POL"]
[WhiteElo "2405"]
[WhiteRD "93"]
[BlackElo "2380"]
[BlackRD "98"]
[GameID "296918"]

1. e4 e6 2. d3 d5 3. Nd2 Nf6 4. Ngf3 b6 5. c3 Bb7 6. e5 Nfd7 7. d4 c5 8. Bd3 Ba6 9. Bxa6 Nxa6 10. Nf1 Be7
11. Ng3 Nc7 12. O-O O-O 13. Bd2 c4 14. Qc2=
1/2-1/2

[Event "SC KO >1900"]
[Site "SchemingMind.com"]
[Date "2011.11.17"]
[Round "-"]
[White "Bandit2"]
[Black "Patjanka"]
[Result "1/2-1/2"]
[WhiteCountry "POL"]
[BlackCountry "DEN"]
[WhiteElo "2384"]
[WhiteRD "96"]
[BlackElo "2368"]
[BlackRD "86"]
[GameID "296922"]

1. d4 Nf6 2. c4 c5 3. d5 e6 4. Nc3 exd5 5. cxd5 d6 6. Nf3 g6 7. h3 Bg7 8. e4 O-O 9. Bd3 b5 10. Bxb5 Nxe4
11. Nxe4 Qa5+ 12. Nfd2 Qxb5 13. Nxd6 Qa6 14. N2c4 Nd7 15. O-O Ne5 16. Nxc8 Raxc8 17. Nxe5 Bxe5 18. Re1 Qd6 19. Qf3 Rfd8 20. Bg5 Rd7
21. Rad1 Bd4 22. Qe2 Qxd5 23. Bf6 Qe6 24. Qxe6 fxe6 25. Bxd4 cxd4 26. Rxe6 Rc2 27. Re8+ Kf7 28. Rb8 Kf6=
1/2-1/2